Dopady vstupu Slovenska do EÚ z pohľadu riešenia nezamestnanosti a možnosti využívania pomoci EÚ pre Slovenskú republiku pri znižovaní miery nezamestnanosti štúdia

Salvato in:
Dettagli Bibliografici
Autore principale: Šipikal, Miroslav, 1976-
Ente Autore: Fair Analyses
Altri autori: Púchyová, Alexandra, Ďurina, Juraj
Natura: Libro
Lingua:slovacco
Pubblicazione: Bratislava 2003
Soggetti:
Tags: Aggiungi Tag
Nessun Tag, puoi essere il primo ad aggiungerne!!

MARC

LEADER 00000nlm a2200000 4500
001 0117747
005 20240502072321.6
041 0 |a slo 
044 |a SK 
245 1 0 |a Dopady vstupu Slovenska do EÚ z pohľadu riešenia nezamestnanosti a možnosti využívania pomoci EÚ pre Slovenskú republiku pri znižovaní miery nezamestnanosti  |b štúdia  |c Miroslav Šipikal, Alexandra Púchyová, Juraj Ďurina 
264 1 |a Bratislava  |c 2003 
300 |a 50 s. 
610 2 0 |a Európska únia 
610 2 0 |a Slovensko 
610 2 0 |a nezamestnanosť 
610 2 0 |a miera nezamestnanosti 
610 2 0 |a prognózy 
610 2 0 |a podpory 
100 1 |a Šipikal, Miroslav, 1976- 
700 1 |a Púchyová, Alexandra 
700 1 |a Ďurina, Juraj 
710 2 |a Fair Analyses